Observations on biological aspects of productivity of forest ecosystems (Registro nro. 9742)

Detalles MARC
000 -CABECERA
Campo de control 004470000a22001450004500
090 ## - CLASIFICACIÓN LOCAL
Colección AR
Consecutivo 00650
041 0# - IDIOMA
Código de idioma para texto/pista de sonido o título separado
100 1# - ASIENTO PRINCIPAL--NOMBRE PERSONAL
Nombre personal Ramakrishnan, P. S.
245 10 - MENCION DE TITULO
Título Observations on biological aspects of productivity of forest ecosystems
650 14 - ASIENTO SECUNDARIO DE MATERIA - TERMINO TEMATICO
Término temático o nombre geográfico como elemento de entrada Bosques tropicales
650 14 - ASIENTO SECUNDARIO DE MATERIA - TERMINO TEMATICO
Término temático o nombre geográfico como elemento de entrada Cambios vegetacionales
650 14 - ASIENTO SECUNDARIO DE MATERIA - TERMINO TEMATICO
Término temático o nombre geográfico como elemento de entrada Especies forestales
773 1# - Item fuente:
Título Glimpses of Ecology
Especificación de materiales 252
Paginas del Articulo 193-199
Lugar, editorial y fecha de publicación 1982?
942 ## - ELEMENTOS ADICIONALES (KOHA)
Tipo de ítem Artículo
Existencias
Withdrawn status Lost status Damaged status No para préstamo Colección Ubicación Permanente Ubicación actual Fecha de adquisición Datos de publicación Seriada Total Checkouts Número topográfico Inventario / Código de Barras Date last seen Ejemplar Price effective from Forma de adquisición Tipo de material
      No para Préstamo Hemeroteca Bogotá Bogotá 27/02/2015 Fuera de circulación   AR 00650 010967 25/03/2015 1 25/03/2015   Artículo